000 00636nam a2200169Ia 4500
999 _c46705
_d46705
003 GCL
005 20240530104340.0
008 140319s1988 le 000 0 ara d
040 _aGCL /
_cGCL
082 0 4 _a135.3/
_bس ت
100 1 _aابن سيرين : ابو بكر محمد بن سيرين البصرى الانصارى
245 1 0 _aتفسير الأحلام الكبير /
_cابو بكر محمد بن سيرين البصرى الانصارى ابن سيرين
260 _aبيروت :
_bدار القلم للتراث،
_c1988
300 _a501 ص ؛
_c24 سم
650 0 4 _aالاحلام - تفسير
942 _2ddc
_cBK